00859nam a22002177a 4500003000500000005001700005008004100022020003000063040002300093082001700116100001300133110001700146245003900163250001800202260006500220300004000285520021400325521004500539650003900584651001800623322820260622111038.0240508b sa ||||| |||| 00| 0 eng d a9781770084902cHard Cover a3228bEnglishcrda aJ 297.2 SHEM aShemer M aSouth Africa aReligions in southern Africa Islam aFirst Edition aSouth Africa:bAwareness Publishing Group (Pty) Ltd.;cc2013 a43 Pages.;bColoured Picturesc26cm aA basic introduction to the main religions in southern Africa. this book looks at the religion of islam, and explores its God,rules and traditions, and special buildings. it focuses on muslims in South Africa. aJunior Non-Fiction-; Juvenile Literature 2Religions in southern Africa Islam 2South Africa